|
|
|
|
| LEADER |
00604nam a2200181 a 4500 |
| 005 |
20151026130440.0 |
| 008 |
960221s1955 dcuabcdjdbkoqu001 0deng d |
| 003 |
ViArRB |
| 100 |
|
|
|a Flynn, M J
|e ed.by
|
| 245 |
|
|
|a Microcomputer system design
|
| 260 |
|
|
|a Berlin
|b Springer-Verlag
|c 1984
|
| 300 |
|
|
|a vii, 397 p.
|
| 500 |
|
|
|a
|
| 653 |
|
|
|a systems design
|a computer system design
|a Computer design
|a Computer science
|
| 700 |
|
|
|a Harris, N R
|a McCarthy, D P
|
| 942 |
|
|
|c BK
|6 _
|
| 999 |
|
|
|c 5611
|d 5611
|
| 952 |
|
|
|0 0
|1 0
|2 udc
|4 0
|6 0043827_FLY
|7 0
|9 17004
|a UL
|b UL
|d 2010-06-16
|o 004.382.7 FLY
|p 00033839
|r 2010-06-16
|w 2010-06-16
|y BK
|